Przejdź do treści
VuFind
Język
English
Deutsch
Español
Français
Italiano
日本語
Nederlands
Português
Português (Brasil)
中文(简体)
中文(繁體)
Türkçe
עברית
Gaeilge
Cymraeg
Ελληνικά
Català
Euskara
Русский
Čeština
Suomi
Svenska
polski
Dansk
slovenščina
اللغة العربية
বাংলা
Galego
Tiếng Việt
Hrvatski
हिंदी
Wszystkie pola
Tytuł
Autor
Hasło przedmiotowe
Sygnatura
ISBN / ISSN
Etykieta
Szukaj
Wyszukiwanie zaawansowane
Wyszukiwanie
Universal guide to judical ser...
Cytować
Wyślij emailem
Drukuj
Eksportuj rekord
Eksportuj do RefWorks
Eksportuj do EndNoteWeb
Eksportuj do EndNote
permanent_link
Ładuje się......
Universal guide to judical service examination Criminal Law, 3rd ed
Opis bibliograficzny
1. autor:
Gupta Vinay
Egzemplarz
Opis
Podobne zapisy
Wersja MARC
LEADER
00219 a2200097 4500
020
260
942
|c
BB
|6
_
245
|a
Universal guide to judical service examination Criminal Law, 3rd ed
100
|a
Gupta Vinay
999
|c
57634
|d
57634
Podobne zapisy
Universal guide to judical service examination Preliminary examination
Judical applications of artifical intelligence
Wydane: (1998)
Ancient judical system of India
od: Sharma, Gokulesh
Wydane: (2008)
Locus standi and judical review
od: Thio, S. M.
Wydane: (1971)
Universal's guide to Judicial service examination: multiple choice question bank:civil law I
od: Gupta, Vinay Kumar
Wydane: (2008)
Ładuje się......